| 000 | 00933nam a22002057a 4500 | ||
|---|---|---|---|
| 999 |
_c529 _d529 |
||
| 005 | 20190820111602.0 | ||
| 008 | 190820b ||||| |||| 00| 0 eng d | ||
| 020 | _a9780099512462 | ||
| 040 | _cKH8 | ||
| 082 | _aFIC BAR | ||
| 100 | _aBarlow, Toby | ||
| 245 |
_aSharp teeth / _cToby Barlow |
||
| 260 |
_aLondon : _bVintage, _c2008. |
||
| 300 |
_a312 p. ; _c20 cm. |
||
| 500 | _aOriginally published: London: William Heinemann, 2007. | ||
| 520 | _aStuck in the middle are a local dogcatcher and the woman he loves, whose secret past haunts her as she fights a bloody one-woman battle to save their relationship. Sharp Teeth is a novel-in-verse that blends epic themes with dark humour, dogs playing cards, crystal meth labs, and acts of heartache and betrayal in Southern California. | ||
| 650 |
_aWerewolves _xFiction. _yLos Angeles _zCalifornia |
||
| 650 |
_aGangs -- -- Fiction. _yCalifornia -- Los Angeles |
||
| 942 |
_2ddc _cFIC |
||